Efficacy, durability, and safety of faricimab with extended dosing up to every 16 weeks in Japanese patients with diabetic macular edema 1‑year results from the Japan subgroup of the phase 3 YOSEMITE trial /

Elmentve itt :
Bibliográfiai részletek
Szerzők: Shimura Masahiko
Kitano Shigehiko
Ogata Nahoko
Mitamura Yoshinori
Oh Hideyasu
Kollaborációs szervezet: YOSEMITE and RHINE Investigators
Bátor György
Seres András
Szalczer Lajos
Tóth-Molnár Edit
Vajas Attila
Varsány Balázs
Kerény Ágnes
Papp András
Szecskó Tímea
Vogt Gábor
Dokumentumtípus: Cikk
Megjelent: 2023
Sorozat:JAPANESE JOURNAL OF OPHTHALMOLOGY 67 No. 3
Tárgyszavak:
doi:10.1007/s10384-023-00979-8

mtmt:33916438
Online Access:http://publicatio.bibl.u-szeged.hu/27308
LEADER 01450nab a2200385 i 4500
001 publ27308
005 20230602213637.0
008 230531s2023 hu o 0|| Angol d
022 |a 0021-5155 
024 7 |a 10.1007/s10384-023-00979-8  |2 doi 
024 7 |a 33916438  |2 mtmt 
040 |a SZTE Publicatio Repozitórium  |b hun 
041 |a Angol 
100 1 |a Shimura Masahiko 
245 1 0 |a Efficacy, durability, and safety of faricimab with extended dosing up to every 16 weeks in Japanese patients with diabetic macular edema  |h [elektronikus dokumentum] :  |b 1‑year results from the Japan subgroup of the phase 3 YOSEMITE trial /  |c  Shimura Masahiko 
260 |c 2023 
300 |a 264-279 
490 0 |a JAPANESE JOURNAL OF OPHTHALMOLOGY  |v 67 No. 3 
650 4 |a Klinikai orvostan 
700 0 1 |a Kitano Shigehiko  |e aut 
700 0 1 |a Ogata Nahoko  |e aut 
700 0 1 |a Mitamura Yoshinori  |e aut 
700 0 1 |a Oh Hideyasu  |e aut 
700 0 2 |a Kollaborációs szervezet: YOSEMITE and RHINE Investigators  |e aut 
700 0 2 |a Bátor György  |e aut 
700 0 2 |a Seres András  |e aut 
700 0 2 |a Szalczer Lajos  |e aut 
700 0 2 |a Tóth-Molnár Edit  |e aut 
700 0 2 |a Vajas Attila  |e aut 
700 0 2 |a Varsány Balázs  |e aut 
700 0 2 |a Kerény Ágnes  |e aut 
700 0 2 |a Papp András  |e aut 
700 0 2 |a Szecskó Tímea  |e aut 
700 0 2 |a Vogt Gábor  |e aut 
856 4 0 |u http://publicatio.bibl.u-szeged.hu/27308/1/JapaneseJ.ofophthalmol.pdf  |z Dokumentum-elérés